Quiz Bożonarodzeniowy - Statystyki

Ogólne statystyki
  • Ten quiz został rozwiązany 472 razy
  • Średni wynik to 12 z 15
Statystyki odpowiedzi
Zagadnienie Odpowiedź % Poprawnych
Kiedy obchodzimy Wigilię 24 Grudnia
100%
Co jest symbolem Świąt Bożego Narodzenia Choinka
98%
Co jest sygnałem do rozpoczęcia kolacji wigilijnej Pierwsza gwiazdka na niebie
97%
Jak nazywa się Msza Św odprawiana w nocy z 24 na 25 grudnia Pasterka
95%
Jak nazywają się pieśni, które śpiewamy w okresie Bożego Narodzenia Kolędy
93%
Wkładane pod obrus wigilijny Siano
93%
jak nazywali się trzej królowie, którzy przyszli powitać Jezusa Kacper, Melchior ,Baltazar
92%
Gdzie narodził się Pan Jezus Stajenka
92%
Wymień 3 potrawy wigilijne Ryba, Barszcz z uszkami , Paszteciki
88%
Jaki anioł zwiastował narodzenie Jezusa Gabriel
83%
.Co przynieśli Panu Jezusowi Trzej Mędrcy, którzy przybyli aby złożyć Mu hołd złoto, kadzidło i mirrę
80%
Co to jest Kolęda radosna pieśń noworoczna, pieśń bożonarodzeniowa
75%
Drugi dzień świąt obchodzimy w Polsce na pamiątkę św.Szczepana
75%
Po raz pierwszy chrześcijanie obchodzili święto Bożego Narodzenia w.. IV wieku .n.e
47%
Skąd przybyli 3 Mędrcy Babilon
40%
Nie znaleziono quizów pasujących do podanych kryteriów
Rozkład punktacji
Procent ludzi z każdym wynikiem
Percentyl według liczby udzielonych odpowiedzi
Twoja historia wyników
Nie rozwiązałeś tego quizu